000 00659nam a22001817a 4500
003 UA-OsUOA
001 16234
007 ta
008 20031223b un ||||| |||| 00| 0 ukr d
100 _aБасараба В.
942 _cSA
040 _aUA-OsUOA
_cUA-OsUOA
_dUA-OsUOA
245 _aОсвіта - не приватна , а державна справа: Виїзне засід. Ком. Верховної Ради України з питань освіти і науки [в обл.]
300 _aС.1
955 _a0
773 0 _w0
_tВільне слово
_dРівне
_d2003
_g№81/10 жовт./
650 7 _aКраєзнавча робота
_2UDC
999 _c302399
_d302399